000 02862cam a2200349 i 4500
001 18350702
003 LC
005 20170209152053.0
008 141028s2015 caua 001 0 eng
010 _a 2014024321
020 _a9781118901854 (paperback)
040 _aDLC
_beng
_cDLC
_erda
_dDLC
042 _apcc
050 0 0 _aLB1025.3
_b.L484 2015
082 0 0 _a373
084 _aEDU029000
_2bisacsh
100 1 _aLemov, Doug,
_d1967-
245 1 0 _aTeach like a champion 2.0 :
_b62 techniques that put students on the path to college /
_cDoug Lemov ; foreword by Norman Atkins.
250 _aSecond edition.
300 _axxxii, 468 pages :
_billustrations ;
_c24 cm +
_e1 DVD (4 3/4 in.)
500 _aIncludes index.
520 _a"One of the most influential teaching guides ever--updated!Teach Like a Champion 2.0 is a complete update to the international bestseller. This teaching guide is a must-have for new and experienced teachers alike. Over 700,000 teachers around the world already know how the techniques in this book turn educators into classroom champions. With ideas for everything from classroom management to inspiring student engagement, you will be able to perfect your teaching practice right away.The first edition of Teach Like a Champion influenced thousands of educators because author Doug Lemov's teaching strategies are simple and powerful. Now, updated techniques and tools make it even easier to put students on the path to college readiness. Here are just a few of the brand new resources available in the 2.0 edition: Over 70 new video clips of real teachers modeling the techniques in the classroom A selection of never before seen techniques inspired by top teachers around the world Brand new structure emphasizing the most important techniques and step by step teaching guidelines Updated content reflecting the latest best practices from outstanding educators With the sample lesson plans, videos, and teachlikeachampion.com online community, you will be teaching like a champion in no time. The classroom techniques you'll learn in this book can be adapted to suit any context. Find out why Teach Like a Champion is a "teaching Bible" for so many educators worldwide"--
650 0 _aEffective teaching.
650 0 _aAcademic achievement.
650 0 _aCollege preparation programs.
650 7 _aEDUCATION / Teaching Methods & Materials / General.
_2bisacsh
776 0 8 _iOnline version:
_aLemov, Doug, 1967-
_tTeach like a champion 2.0
_bSecond edition.
_dSan Francisco : Jossey-Bass, 2015
_z9781118898628
_w(DLC) 2014042974
856 4 2 _3Cover image
_uhttp://catalogimages.wiley.com/images/db/jimages/9781118901854.jpg
906 _a7
_bcbc
_corignew
_d1
_eecip
_f20
_gy-gencatlg
942 _2lcc
_cBK
999 _c306690
_d306690